000 02447nam a2200601 i 4500
001 51403
003 KOSZ 005
005 20200716101219.0
008 200716s2006 pl a f f 001 0 pol
015 _aUWD 2006/10987
020 _a8320816084
035 _a991028695049705066
035 _a(PL-WaBN)b17762789-48omnis_nlop
035 _ab17762789
035 _a(OCoLC)749663574
035 _a(PL)b0000001776278
035 _a(EXLNZ-48OMNIS_NETWORK)9910469922105606
040 _aWA N
_cWA N
_dKOSZ 005/RW
046 _k2004
080 _a658.14/.17
080 _a(075.8)
245 0 0 _aAnaliza ekonomiczna w przedsiębiorstwie :
_bpraca zbiorowa /
_cpod redakcją Magdaleny Jerzemowskiej ; autorzy Michał Ajdacki [et al.].
250 _aWydanie 2. zmienione.
260 _aWarszawa :
_bPolskie Wydawnictwo Ekonomiczne,
_c2006.
300 _a383 strony :
_bilustracje ;
_c24 cm.
336 _aTekst
_btxt
_2rdacontent
337 _aBez urządzenia pośredniczącego
_bn
_2rdamedia
338 _aWolumin
_bnc
_2rdacarrier
380 _aKsiążki
380 _aPublikacje dydaktyczne
388 1 _a2001-
504 _aBibliografia na stronach [369]-372. Indeks.
521 8 _aKsiążka jest adresowana do wykładowców i studentów kierunków ekonomicznych, menedżerów podmiotów gospodarczych, doradców inwestycyjnych, analityków finansowych oraz innych osób zainteresowanych rynkiem kapitałowym, a przede wszystkim oceną działalności przedsiębiorstwa.
650 7 _aPrzedsiębiorstwo
_2DBN
650 7 _aEkonomika
650 7 _aFinanse
650 7 _aAnaliza finansowa
655 7 _aPodręczniki akademickie
_2DBN
658 _aGospodarka, ekonomia, finanse
700 1 _aAjdacki, Michał
_eAutor
700 1 _aBednarski, Lech
_d(1929-2006)
_eAutor
700 1 _aBielińska, Irena
_eAutor
700 1 _aJerzemowska, Magdalena
_d(1952- )
_eAutor
_eRedakcja
700 1 _aMartyniuk, Olga
_eAutor
700 1 _aOlzacka, Barbara
_eAutor
700 1 _aPałczyńska-Gościniak, Renata
_eAutor
700 1 _aSułowska, Jolanta
_c(finanse)
_eAutor
700 1 _aToboła, Agnieszka
_eAutor
710 2 _aPolskie Wydawnictwo Ekonomiczne
_4pbl
856 _uhttp://koha.tu.koszalin.pl/cgi-bin/koha/opac-detail.pl?biblionumber=51403
_yKatalog online BPK
942 _2UKD
_cKS
999 _c51403
_d51403